Szczegóły MARC21

Gas : Schauspiel /

003 -Nazwa inst., której nr kontr. jest w polu 001 [,]
    • @
    • Nazwa instytucji, której n kontrolny jest w polu 001
    • NUKAT
005 -DATA I CZAS OSTATNIEJ MODYFIKACJI [,]
    • @
    • pole kontrolne
    • 20241231092727.0
020 -Międzynarod. znormalizowany nr książki - ISBN [ , ]
    • a
    • Numer ISBN
    • 3548449867 Find
040 -Instytucja sporządzająca opis [ , ]
    • a
    • Instytucja, która sporządziła opis (NP)
    • KR 119/IK
    • b
    • Język katalogowania
    • pol
    • e
    • Zasady katalogowania
    • rda
    • c
    • Instytucja, która sporządziła rekord (NP)
    • KR 119/IKs
    • d
    • Instytucja, która zmodyfikowała rekord (P)
    • KR 119/IK
942 -Rodzaj dokumentu [ , ]
    • c
    • Rodzaj dokumentu
    • Książka
100 -Hasło główne - nazwa osobowa [1, ]
    • a
    • Nazwa osobowa (NP)
    • Kaiser, Georg
    • d
    • Daty biograficzne (NP)
    • (1878-1945).
    • e
    • Rodzaj współpracy
    • Autor
    • 9
    • KHW
    • 239243
240 -Tytuł ujednolicony [1,0]
    • a
    • Tytuł ujednolicony
    • Gas I
    • l
    • Język tekstu
    • (niem.)
    • 9
    • KHW
    • 591812
245 -Strefa tytułu i oznaczenia odpowiedzialności [1,0]
    • a
    • Tytuł
    • Gas : Find
    • b
    • Ciąg dalszy tytułu (NP)
    • Schauspiel / Find
    • c
    • Pozostałe elementy strefy tytułu i oznaczenia odpowiedzialności (NP)
    • Georg Kaiser.
250 -Strefa wydania [ , ]
    • a
    • Oznaczenie wydania (NP)
    • 8. Auflage.
260 -Strefa adresu wydawniczego [ , ]
    • a
    • Miejsce wydania (P)
    • Frankfurt/M ;
    • a
    • Miejsce wydania (P)
    • Berlin :
    • b
    • Nazwa wydawcy (P)
    • Ullstein,
    • c
    • Data wydania (P)
    • 1992.
300 -Strefa opisu fizycznego [ , ]
    • a
    • Określenie formy książki i/lub objętość (NP)
    • 88 stron ;
    • c
    • Format (NP)
    • 18 cm.
336 -Typ zawartości [ , ]
    • a
    • Termin opisujący typ zawartości
    • Tekst
    • b
    • Kod określający zawartość
    • txt
    • 2
    • Źródło (terminu i kodu)
    • rdacontent
337 -Typ mediów [ , ]
    • a
    • Tryb odtwarzania
    • Bez urządzenia pośredniczącego
    • b
    • Kod typu mediów
    • n
    • 2
    • Źródło (terminu i kodu)
    • rdamedia
338 -Typ/rodzaj nośnika [ , ]
    • a
    • Hasło opisujące typ nośnika
    • Wolumin
    • b
    • Kod typu nośnika
    • nc
    • 2
    • Źródło (terminu i kodu)
    • rdacarrier
490 -Strefa serii i książki wielotomowej - forma nie do wyszukiwania [1, ]
    • a
    • Tytuł (P)
    • Ullstein-Buch. Ullstein Theater Texte ; Find
    • v
    • Numeracja (P)
    • Nr. 44986
830 -Hasło dodatkowe serii i opisu książki wielotomowej - tytuł ujednolicony/tytuł [ ,0]
    • a
    • Tytuł ujednolicony/tytuł (NP)
    • Ullstein-Buch
    • v
    • Oznaczenie tomu (NP)
    • 44986
    • 9
    • KHW
    • 81937
080 -Uniwersalna Klasyfikacja Dziesiętna [ , ]
    • a
    • Symbol klasyfikacji
    • 830-2=30
655 -Hasło w funkcji tematu formalnego [ ,7]
    • a
    • Hasło
    • Dramat niemiecki
    • y
    • Określnik chronologiczny
    • 1900-1945.
    • 2
    • Źródło terminu
    • kaba
    • 9
    • KHW
    • 402016
980 -Symbol UKD [ , ]
    • a
    • UKD
    • 830-2=30
710 -Hasło dodatkowe - nazwa ciała zbiorowego [2, ]
    • a
    • Nazwa ciała zbiorowego lub nazwa geograficzna jako pierwszy element (NP)
    • Ullstein (Berlin).
    • e
    • Rodzaj współpracy
    • Wydawca
    • 4
    • Kod relacji
    • pbl
    • 9
    • KHW
    • 416081
920 -ISBN [ , ]
    • a
    • ISBN
    • 3-548-44986-7 Find
Lokalizacja Data inwentaryzacji Status udost. Numer inwentarzowy Sygnatura
BM1995-11-14-3G.10275Germ. Dramat niemiecki
BM1995-11-14-3G.10276Germ. Dramat niemiecki
BM1995-11-14-3G.10277Germ. Dramat niemiecki
BM1995-11-14-3G.10278Germ. Dramat niemiecki
BM1995-11-14-3G.10279Germ. Dramat niemiecki
BM1995-11-14-3G.10280Germ. Dramat niemiecki
BM1995-11-14-3G.10281Germ. Dramat niemiecki
BM1995-11-14-3G.10282Germ. Dramat niemiecki
BM1995-11-14-3G.10283Germ. Dramat niemiecki
BM1995-11-141G.10274 
G2001-04-12-6M.3037